01231nam a2200313 a 4500001001200000003000800012006001900020007001500039008004100054010001700095020001500112040002100127035002100148041001300169050002500182082001400207100001800221245017200239260004900411300001600460504006400476533015200540650001900692650001200711650002200723655002900745710001700774856012600791ebr10255498CaPaEBRm u cr cn|||||||||050429s2003 nju sb 001 0 eng d z 2005297796 z9812384081 aCaPaEBRcCaPaEBR a(OCoLC)2628474501 aenghchi14aQA273.4b.X56 2003eb04a519.22221 aXiong, Daguo.14aThe natural axiom system of probability theoryh[electronic resource] :bmathematical model of the random universe /cDaguo Xiong ; translated from Chinese by Wu Jian. aRiver Edge, N.J. :bWorld Scientific,c2003. axiv, 184 p. aIncludes bibliographical references (p. 177-178) and index. aElectronic reproduction.bPalo Alto, Calif. :cebrary,d2013.nAvailable via World Wide Web.nAccess may be limited to ebrary affiliated libraries. 0aProbabilities. 0aAxioms. 0aRandom variables. 7aElectronic books.2local2 aebrary, Inc.40uhttp://site.ebrary.com/lib/rucke/Doc?id=10255498zAn electronic book accessible through the World Wide Web; click to view